000 00724nam a2200265Ia 4500
005 20260302113929.0
008 008 260114s9999 xx 000 0 eng d
020 _a9781350095786
037 _aTextbook
040 _aCRL
040 _beng
040 _cCRL
041 _2eng
041 _aeng
084 _qCRL
100 _aValerie Hobbs
_91117248
245 3 _aAn Introduction to Religious Language Exploring Theolinguistics in Contemporary Contexts
260 _bBloomsbury
260 _bBloomsbury Academic
260 _c2021
650 _aLinguistics
856 _uhttps://doi.org/10.5040/9781350095786?locatt=label:secondary_bloomsburyCollections
942 _cEBOOK
999 _c1680742
_d1680742